Among men, among women : sociological and historical recognition of homosocial arrangements : Gay-studies and Women's studies University of Amsterdam Conference 22th-26th June 1983, Oudemanhuispoort Amsterdam /
Guardat en:
| Altres autors: | |
|---|---|
| Format: | Llibre |
| Idioma: | anglès |
| Publicat: |
Amsterdam :
Sociologisch Instituut,
[between 1983 and 1987]
|
| Etiquetes: |
Sense etiquetes, Sigues el primer a etiquetar aquest registre!
|
MARC
| LEADER | 00000nam a22000007i 4500 | ||
|---|---|---|---|
| 001 | IT\ICCU\UBO\1697573 | ||
| 003 | ItRI | ||
| 005 | 20260115232409.0 | ||
| 008 | 020606s1983 ne |||||| ||||| |||||c | ||
| 040 | |b ita |c importazione bologna sebina | ||
| 041 | 7 | |a eng |2 ISO-639-2 | |
| 245 | 0 | 0 | |a Among men, among women : |b sociological and historical recognition of homosocial arrangements : Gay-studies and Women's studies University of Amsterdam Conference 22th-26th June 1983, Oudemanhuispoort Amsterdam / |c editors: Mattias Duyves ... [et al.]. |
| 260 | |a Amsterdam : |b Sociologisch Instituut, |c [between 1983 and 1987] | ||
| 300 | |a XXII, 611 p. : |b ill., maps ; |c 21 cm. | ||
| 700 | 1 | |a Duyves, Mattias |0 IT\ICCU\UBOV\639197 | |
| 942 | |2 ddc |c BK |n 0 | ||
| 952 | |0 0 |1 0 |4 0 |6 DOC_306_766000000000000_AMO |7 0 |9 25398 |a BO |b BO |d 2026-01-15 |i 93 |l 0 |o DOC 306.766 AMO |p BO93 |r 2026-01-15 23:24:09 |w 2026-01-15 |x [Sebina 7] [1 v.] |y BK |z 1 v. | ||
| 999 | |c 21569 |d 21569 | ||